Sprievodca neskrotnou planétou [dramatická cesta po našej planéte]

Bibliographic Details
Main Author: Day, Trevor (Author)
Other Authors: Škovierová, Katarína (Translator)
Format: Book
Language:Slovak
PhysicalDescription:64 s. fareb. fotogr. 31 cm
Published: [Bratislava] Slovart c2002
ISBN:8071456519
Edition:1. slov. vyd.
Subjects:

MARC

LEADER 00000nam a2200000 a 4500
001 vtls001435620
003 SK-MaSNL
005 20260302002011.0
008 240314sm y0 xo a r slo
015 |a SNBA2003/09-03430 
020 |a 8071456519 
035 |a SNK000390710 
035 |a urn:nbn:sk:snk-am3h46z 
035 |a urn:nbn:sk:snk-am00cn4z 
035 |a 17EA2D79-98C8-4A07-BD57-AB14A7377579 
040 |a SNK  |b slo  |c SNK  |e AACR2 
041 0 |a slo 
044 |a xo  |c SK 
072 7 |a 55  |x Vedy o Zemi. Geologické vedy  |2 konspekt 
080 |a 551.4  |2 2. slo 
080 |a 551.583  |2 2. slo 
080 |a 551.4  |2 1981 
080 |a 504.4  |2 1981 
080 |a 551.583  |2 1981 
080 |a (0.062)  |2 1981 
100 1 |a Day, Trevor  |4 aut  |9 42386 
245 1 0 |a Sprievodca neskrotnou planétou  |b [dramatická cesta po našej planéte]  |c Trevor Day ; [z anglického originálu preložila Katarína Škovierová] 
250 |a 1. slov. vyd. 
260 |a [Bratislava]  |b Slovart  |c c2002 
300 |a 64 s.  |b fareb. fotogr.  |c 31 cm 
500 |a Údaj o prekl. prevzatý z rubu tit. strany 
504 |a Reg. 
650 0 7 |a geomorfológia  |2 SNKPH  |9 22491 
650 0 7 |a prírodné katastrofy  |2 SNKPH  |9 3933 
650 0 7 |a klimatické zmeny  |2 SNKPH  |9 3351 
655 7 |a príručky  |2 SNKPH  |9 74364 
655 7 |a populárno-náučné publikácie  |2 SNK  |9 70460 
700 1 |a Škovierová, Katarína  |4 trl  |9 211948 
919 |a 80-7145-651-9 
958 |a NS 
958 |a OP 
968 |b ENG  |d 55 
999 |c 986166  |d 988096 
952 |t P60, <03>, [BOOK], {603}  |a SNK  |b SNK  |y PREZ  |7 0  |p 17A0347360  |o snkSB 65103  |i snkKSP 7064/2002  |0 0  |1 0  |4 0  |d 2002-06-06  |f 1  |l 0  |r 2017-06-30 00:00:00  |w 2026-02-24 
952 |t P60, <04>, [BOOK], {604}  |a SNK  |b SNK  |y VYP  |7 0  |p 17A0347361  |o snkSB 65103 D1  |i snkKSP 7065/2002  |0 0  |1 0  |4 0  |d 2002-06-06  |l 0  |r 2005-01-02 00:00:00  |w 2026-02-24 
952 |t snkDAY 551.4  |a SNKUST  |b SNKUST  |y PREZ  |7 0  |p 17A0347075  |o snkSB 65103 D2  |i snkK 572/2002  |8 3  |0 0  |1 0  |4 0  |d 2002-06-26  |l 0  |r 2025-03-19 00:00:00  |w 2026-02-24